00333nam a2200121Ia 4500008004100000040001700041041001200058082001900070100002300089245004800112260003600160300001500196230917s9999||||xx |||||||||||||| ||und|| e197130aMAIN aEnglish a358.80954 S11S aGupta, Arvind, ed. 0aSpace security: Need for global convergence aNew DelhibPentagon Pressc2012 axi, 173 p.